[Event "XIII Konik Morski Rewala - Open A"]
[Site "Rewal"]
[Date "2008.08.27"]
[Round "7"]
[White "Zadlo, Tomasz"]
[Black "Hermanowicz, Dominika"]
[Result "1-0"]
[WhiteElo "2041"]
[BlackElo "2118"]
[PlyCount "91"]
[EventDate "2008.??.??"]

1. e4 c5 2. c3 d5 3. exd5 Qxd5 4. Nf3 Nf6 5. d4 e6 6. Na3 a6 7. Nc4 Nbd7 8. Ne3
Qd6 9. Be2 Be7 10. O-O O-O 11. Qc2 b6 12. Nc4 Qc7 13. Nce5 cxd4 14. Nxd7 Nxd7
15. Nxd4 Bb7 16. Bd3 h6 17. Qe2 Qe5 18. Be3 Nc5 19. f4 Qf6 20. Bc2 Rfe8 21. Nf3
Rad8 22. Bd4 Qxf4 23. Ne5 Qh4 24. Nxf7 Rxd4 25. cxd4 Qxd4+ 26. Qf2 Qxf2+ 27.
Rxf2 Nd7 28. Kh1 Bd5 29. Bb3 Bc5 30. Rf4 Re7 31. Bxd5 exd5 32. Raf1 Re2 33. b4
Be3 34. R4f3 d4 35. Nd6 Rxa2 36. Nf5 Ne5 37. Rg3 Bg5 38. Nxd4 Rb2 39. Ne6 Bf6
40. h3 Kf7 41. Nxg7 Ke7 42. Nf5+ Ke6 43. Nd4+ Ke7 44. Re3 Bh8 45. Nc6+ Kd6 46.
Nxe5 1-0

[Event "XIII Konik Morski Rewala - Open A"]
[Site "Rewal"]
[Date "2008.08.27"]
[Round "7"]
[White "Malczyk, Radoslaw"]
[Black "Kues, Hendrik"]
[Result "1-0"]
[WhiteElo "2094"]
[BlackElo "2235"]
[PlyCount "49"]
[EventDate "2008.??.??"]

1. d4 d5 2. c4 c6 3. Nf3 Nf6 4. Nc3 dxc4 5. e4 b5 6. e5 Nd5 7. a4 Bf5 8. Nxd5
Qxd5 9. Be2 e6 10. O-O Be7 11. Ng5 Qd8 12. f4 Bxg5 13. fxg5 Bd3 14. Rf4 Bxe2
15. Qxe2 O-O 16. Qh5 g6 17. Qh6 f5 18. gxf6 Rf7 19. Ra3 Nd7 20. Rg3 Nf8 21. h4
Qa5 22. Rfg4 Qxa4 23. h5 Qd1+ 24. Kh2 Qc2 25. hxg6 1-0

[Event "XIII Konik Morski Rewala - Open A"]
[Site "Rewal"]
[Date "2008.08.27"]
[Round "7"]
[White "Pietrzak, Tomasz"]
[Black "Jagodzinski, Waldemar"]
[Result "0-1"]
[WhiteElo "2016"]
[BlackElo "2141"]
[PlyCount "34"]
[EventDate "2008.??.??"]

1. Nf3 d5 2. d4 Bf5 3. c4 e6 4. Nc3 c6 5. Qb3 Qb6 6. g3 Na6 7. cxd5 exd5 8. e4
dxe4 9. Bxa6 Qxa6 10. Ne5 Be6 11. d5 cxd5 12. Nb5 Rc8 13. O-O d4 14. Bg5 Bxb3
15. Rfc1 Bc5 16. a4 Qe6 17. f4 d3+ 0-1

[Event "XIII Konik Morski Rewala - Open A"]
[Site "Rewal"]
[Date "2008.08.27"]
[Round "7"]
[White "Nicolo, Filippo"]
[Black "Czartoryski, Pawel"]
[Result "1-0"]
[WhiteElo "2125"]
[BlackElo "2089"]
[PlyCount "70"]
[EventDate "2008.??.??"]

1. e4 c5 2. Nf3 d6 3. d3 g6 4. g3 Bg7 5. Bg2 Nc6 6. Nbd2 Nf6 7. c3 O-O 8. O-O
Rb8 9. d4 Bg4 10. d5 Ne5 11. h3 Bd7 12. Nxe5 dxe5 13. f4 Nh5 14. Kh2 exf4 15.
gxf4 Bh6 16. Nc4 Bb5 17. b3 Bxc4 18. bxc4 Qa5 19. Qd3 a6 20. e5 b5 21. Be4 Qc7
22. Rf2 f5 23. Bg2 Bxf4+ 24. Bxf4 Nxf4 25. Rxf4 Qxe5 26. Qg3 Rb6 27. Re1 Qc7
28. Qg5 Rf7 29. d6 Rxd6 30. Bd5 Kg7 31. Bxf7 h6 32. Qxe7 Rd2+ 33. Kg1 Rd7 34.
Qe5+ Kxf7 35. Qxc7 Rxc7 1-0

[Event "XIII Konik Morski Rewala - Open A"]
[Site "Rewal"]
[Date "2008.08.27"]
[Round "7"]
[White "Kotermanska, Anna"]
[Black "Czachor, Radoslaw"]
[Result "1/2-1/2"]
[WhiteElo "1967"]
[BlackElo "2127"]
[PlyCount "49"]
[EventDate "2008.??.??"]

1. e4 d5 2. exd5 Nf6 3. d4 Qxd5 4. Nc3 Qd8 5. Nf3 Bf5 6. Bd3 Bxd3 7. Qxd3 c6 8.
O-O e6 9. Ne4 Be7 10. Re1 Nbd7 11. Bf4 Nxe4 12. Qxe4 O-O 13. c3 Nf6 14. Qe2 Re8
15. Rad1 Qa5 16. a3 c5 17. h3 Rad8 18. dxc5 Qxc5 19. Be3 Qc7 20. Rxd8 Rxd8 21.
Rd1 Rxd1+ 22. Qxd1 a6 23. Bd4 Qd7 24. Qb3 Qd5 25. Qxd5 1/2-1/2

[Event "XIII Konik Morski Rewala - Open A"]
[Site "Rewal"]
[Date "2008.08.27"]
[Round "7"]
[White "Grochowalski, Pawel"]
[Black "Puczylowski, Marcin"]
[Result "1/2-1/2"]
[WhiteElo "2121"]
[BlackElo "1958"]
[PlyCount "54"]
[EventDate "2008.??.??"]

1. d4 e6 2. c4 d5 3. cxd5 exd5 4. Nc3 c6 5. Qc2 Nf6 6. Nf3 Nbd7 7. Bg5 Be7 8.
e3 O-O 9. Bd3 Re8 10. O-O Nf8 11. a3 Ng6 12. b4 a6 13. Ne5 Ng4 14. Bxe7 Qxe7
15. Nxg4 Bxg4 16. Bf5 Qg5 17. Bxg4 Qxg4 18. Rae1 Rad8 19. f3 Qd7 20. Na4 Re7
21. Nc5 Qd6 22. Qd2 Rde8 23. g3 h6 24. Re2 Nf8 25. Rfe1 Nh7 26. Kg2 f5 27. Nd3
Ng5 1/2-1/2

[Event "XIII Konik Morski Rewala - Open A"]
[Site "Rewal"]
[Date "2008.08.28"]
[Round "8"]
[White "Wieczorek, Oskar"]
[Black "Budrewicz, Krzysztof"]
[Result "1/2-1/2"]
[WhiteTitle "k+"]
[BlackTitle "m"]
[WhiteElo "2232"]
[BlackElo "2333"]

1. e4 d5 2. exd5 Nf6 3. d4 Nxd5 4. c4 Nb6 5. Nc3 g6 6. c5 Nd5 7. Bc4 c6 8. Qb3
Bg7 9. Nf3 O-O 10. O-O Nxc3 11. bxc3 b5 12. cxb6 axb6 13. Re1 b5 14. Bd3 Na6
15. Bg5 Re8 16. c4 Nc7 17. Be4 Ra6 18. cxb5 Be6 19. Qc2 cxb5 20. Qc5 Bc4 21.
Bc6 Ne6 22. Rxe6 Bxe6 23. Bxb5 Ra5 24. Bd2 Rxa2 25. Rxa2 Bxa2 26. Bxe8 Qxe8 27.
h3 h6 28. Bf4 Qd7 29. Bg3 f6 30. h4 Bd5 31. Nd2 Bf8 32. Qc3 Qb7 33. f3 h5 34.
Bf4 Kf7 35. Kf2 Qb6 36. Ne4 Qa7 37. Qc5 Qa2+ 38. Kg3 Qa8 39. Nc3 Be6 40. d5 Bd7
41. Qc7 Qc8 42. Kf2 Qxc7 43. Bxc7 Ke8 44. Ke3 Bc8 45. Bf4 Bg7 46. Kd4 Ba6 47.
Ke3 Bf1 48. Kf2 Bc4 49. Bd2 Kd7 50. g4 Bd3 51. gxh5 gxh5 52. Ke3 Bg6 53. Be1
Bh6+ 54. Kd4 Bf4 55. Ne4 Be5+ 56. Kc5 Bb8 57. Bd2 f5 58. Ng5 Ba7+ 59. Kc4 Bf2
60. Ne6 Bf7 61. Nc5+ Ke8 62. Bg5 Bg3 63. Nd3 Bd6 64. Kd4 Ba3 65. Ke5 Bg8 66.
Nf4 Bb2+ 67. Kxf5 Bh7+ 68. Ke6 Bg8+ 1/2-1/2

[Event "XIII Konik Morski Rewala - Open A"]
[Site "Rewal"]
[Date "2008.08.28"]
[Round "8"]
[White "Cyborowski, Lukasz"]
[Black "Sochacki, Wojtek"]
[Result "1-0"]
[WhiteElo "2546"]
[BlackElo "2239"]
[PlyCount "0"]
[EventDate "2008.??.??"]

1. c4 e6 2. Nf3 Nf6 3. g3 d5 4. Bg2 Be7 5. O-O O-O 6. d4 c6 7. Qc2 Nbd7 8. Bf4
Nh5 9. Bc1 f5 10. b3 g5 11. e3 g4 12. Ne1 Ndf6 13. Ba3 Bxa3 14. Nxa3 Qe7 15.
Nb1 Ne4 16. Nd3 Rf6 17. Nd2 Rh6 18. Rfc1 Bd7 19. b4 Nhf6 20. a4 Qe8 21. Nf1 Ng5
22. Qe2 Nfe4 23. Nf4 Nd6 24. Nd2 Nge4 25. Bxe4 dxe4 26. c5 Nf7 27. Nc4 Ng5 28.
Ne5 a6 29. Kg2 Qe7 30. Rh1 Be8 31. Qb2 Nf3 32. Qb3 Rd8 33. h3 gxh3+ 34. Rxh3
Rxh3 35. Kxh3 Ng5+ 36. Kg2 Bd7 37. Rh1 Rf8 38. Rh5 Bc8 39. b5 axb5 40. axb5
cxb5 41. Qxb5 Nf7 42. Qb6 Kg7 43. Nc4 Re8 44. Rh1 Qd8 45. Qxd8 Rxd8 46. Rb1 Kf6
47. Nb6 Bd7 48. Nxd7+ Rxd7 49. Rb6 Nd8 50. d5 Rc7 51. Rd6 Ke7 52. Rxd8 1-0

[Event "XIII Konik Morski Rewala - Open A"]
[Site "Rewal"]
[Date "2008.08.28"]
[Round "8"]
[White "Przybylski, Wojciech"]
[Black "Swicarz, Maciej"]
[Result "1-0"]
[WhiteElo "2363"]
[BlackElo "2284"]
[PlyCount "0"]
[EventDate "2008.??.??"]

1. e4 c5 2. Nf3 Nc6 3. d4 cxd4 4. Nxd4 Nf6 5. Nc3 e5 6. Ndb5 d6 7. Bg5 a6 8.
Na3 b5 9. Nd5 Be7 10. Bxf6 Bxf6 11. c3 O-O 12. Nc2 Bg5 13. a4 bxa4 14. Rxa4 a5
15. Bc4 Rb8 16. b3 Kh8 17. h4 Bh6 18. Nce3 g6 19. h5 Kg7 20. Qd2 Rh8 21. g3 f5
22. f4 fxe4 23. Qg2 Bd7 24. Ra2 Qe8 25. g4 Bxf4 26. h6+ Kf8 27. Qxe4 Bxe3 28.
Qxe3 Bxg4 29. Qg5 Qe6 30. Nc7 Qe7 31. Rf1+ Bf5 32. Rxf5+ gxf5 33. Qxf5+ Qf6 34.
Qxf6+ 1-0

[Event "XIII Konik Morski Rewala - Open A"]
[Site "Rewal"]
[Date "2008.08.28"]
[Round "8"]
[White "Orzech, Dominik"]
[Black "Bronowicki, Mateusz"]
[Result "1-0"]
[WhiteElo "2472"]
[BlackElo "2326"]
[PlyCount "0"]
[EventDate "2008.??.??"]

1. Nf3 e6 2. c4 f5 3. g3 Nf6 4. Bg2 d5 5. O-O c6 6. b3 Bd6 7. Bb2 O-O 8. Qc2
Qe7 9. Nc3 Bd7 10. d4 Be8 11. e3 Ne4 12. Ne2 Bh5 13. Ne5 g5 14. cxd5 cxd5 15.
f3 Nf6 16. Rac1 Na6 17. Qd2 h6 18. Nc3 Nd7 19. Nb5 Bb4 20. Qe2 Be8 21. Nd3 Nf6
22. a4 Bc6 23. Rc2 Bd6 24. Nxd6 Qxd6 25. Ra1 Rfc8 26. Ba3 Qd8 27. Rac1 Bd7 28.
Nc5 Nxc5 29. dxc5 Bc6 30. Bb2 Qe7 31. f4 g4 32. Qd2 Nd7 33. Qd4 Re8 34. Bf1 1-0

[Event "XIII Konik Morski Rewala - Open A"]
[Site "Rewal"]
[Date "2008.08.28"]
[Round "8"]
[White "Nasuta, Grzegorz"]
[Black "Brodowski, Piotr"]
[Result "0-1"]
[WhiteElo "1959"]
[BlackElo "2424"]
[PlyCount "0"]
[EventDate "2008.??.??"]

1. e4 c5 2. Nf3 Nc6 3. d4 cxd4 4. Nxd4 Nf6 5. Nc3 e5 6. Ndb5 d6 7. Nd5 Nxd5 8.
exd5 Ne7 9. c3 Ng6 10. Qa4 Bd7 11. Qb4 Qb8 12. Qc4 Kd8 13. Be3 Be7 14. g3 f5
15. h4 Bf6 16. Qb4 Bxb5 17. Bxb5 Qc7 18. a4 Rf8 19. h5 Ne7 20. Rd1 Nc8 21. f4
Nb6 22. O-O e4 23. c4 Rc8 24. Rc1 a5 25. Qd2 Nd7 26. Bxd7 Kxd7 27. c5 Rfd8 28.
c6+ Ke7 29. Qf2 bxc6 30. Bb6 Qb7 31. Bxd8+ Kxd8 32. Qd2 Qb6+ 33. Kh1 c5 34. g4
fxg4 35. Qe2 Qb3 36. Qxg4 Qxd5 37. Rcd1 Bd4 38. f5 e3+ 39. Kh2 Qe5+ 0-1

[Event "XIII Konik Morski Rewala - Open A"]
[Site "Rewal"]
[Date "2008.08.28"]
[Round "8"]
[White "Chojnacki, Krzysztof"]
[Black "Butkiewicz, Lukasz"]
[Result "1/2-1/2"]
[WhiteElo "2416"]
[BlackElo "2284"]
[PlyCount "0"]
[EventDate "2008.??.??"]

1. e4 c5 2. Nf3 d6 3. d4 cxd4 4. Nxd4 Nf6 5. Nc3 a6 6. Bc4 e6 7. a4 Be7 8. O-O
Nc6 9. Be3 O-O 10. Ba2 Qc7 11. Kh1 Bd7 12. f4 Nxd4 13. Bxd4 Bc6 14. Qd3 e5 15.
Be3 b5 16. axb5 axb5 17. Bd5 Bxd5 18. Nxd5 Nxd5 19. Rxa8 Rxa8 20. Qxd5 Rf8 21.
Rc1 Qc4 1/2-1/2

[Event "XIII Konik Morski Rewala - Open A"]
[Site "Rewal"]
[Date "2008.08.28"]
[Round "8"]
[White "Lahiri, Atanu"]
[Black "Czerwonski, Aleksander"]
[Result "1/2-1/2"]
[WhiteElo "2338"]
[BlackElo "2414"]
[PlyCount "78"]
[EventDate "2008.??.??"]

1. d4 d6 2. e4 Nf6 3. Nc3 g6 4. f4 Bg7 5. Nf3 O-O 6. Bd3 Na6 7. O-O c5 8. d5
Bg4 9. Kh1 Nc7 10. h3 Bxf3 11. Qxf3 Nd7 12. Be3 a6 13. a4 b6 14. Bf2 Rb8 15.
Bh4 f6 16. Qe2 Qc8 17. Ra3 Qb7 18. Rb3 c4 19. Bxc4 Nc5 20. Ra3 b5 21. axb5 axb5
22. b4 N5a6 23. Bb3 Nxb4 24. Rfa1 Nba6 25. Ra5 g5 26. Bg3 gxf4 27. Bxf4 Kh8 28.
Nxb5 Nxb5 29. Rxa6 f5 30. e5 Nd4 31. Qe1 Nxb3 32. cxb3 Qxd5 33. exd6 exd6 34.
Bxd6 Rxb3 35. Ba3 Rfb8 36. Re6 h6 37. Re8+ Rxe8 38. Qxe8+ Kh7 39. Qe2 Qe5
1/2-1/2

[Event "XIII Konik Morski Rewala - Open A"]
[Site "Rewal"]
[Date "2008.08.28"]
[Round "8"]
[White "Matuszewski, Michal"]
[Black "Meyer, Falko"]
[Result "1/2-1/2"]
[WhiteElo "2233"]
[BlackElo "2305"]
[PlyCount "122"]
[EventDate "2008.??.??"]

1. d4 d5 2. c4 c6 3. Nf3 Nf6 4. e3 a6 5. Nbd2 g6 6. Bd3 Bf5 7. Qc2 e6 8. O-O
Bg7 9. e4 dxe4 10. Nxe4 Nxe4 11. Bxe4 Bxe4 12. Qxe4 O-O 13. Bg5 Qa5 14. c5 Nd7
15. b4 Qxb4 16. Rab1 Qa4 17. Qf4 e5 18. dxe5 Qxf4 19. Bxf4 Nxc5 20. Be3 Nd3 21.
e6 b5 22. Rfd1 Nb2 23. Rd7 Na4 24. e7 Rfe8 25. Rbd1 Bf6 26. Bg5 Bxg5 27. Nxg5
Nb6 28. Rb7 Nd5 29. Re1 Kg7 30. h4 Rac8 31. g3 Rc7 32. Rxc7 Nxc7 33. Rc1 Rxe7
34. Rxc6 a5 35. Rc5 h6 36. Nf3 a4 37. a3 Rd7 38. Kg2 h5 39. Ng5 Ne6 40. Rxb5
Nxg5 41. hxg5 Rd3 42. Ra5 Rxa3 43. Ra8 Ra1 44. Kh2 a3 45. Kg2 a2 46. Kh2 f5 47.
Ra7+ Kf8 48. Kg2 Ke8 49. Kh2 Kd8 50. Kg2 Kc8 51. Kh2 Kb8 52. Ra3 Kb7 53. Kg2
Kb6 54. Ra8 Kb7 55. Ra3 Kc6 56. Ra6+ Kd5 57. Ra5+ Kd4 58. Ra4+ Kd3 59. Ra3+ Ke2
60. Re3+ Kd2 61. Ra3 Ke2 1/2-1/2

[Event "XIII Konik Morski Rewala - Open A"]
[Site "Rewal"]
[Date "2008.08.28"]
[Round "8"]
[White "Nester, Ihor"]
[Black "Rutkowski, Maciej"]
[Result "1/2-1/2"]
[WhiteElo "2385"]
[BlackElo "2380"]
[PlyCount "74"]
[EventDate "2008.??.??"]

1. Nf3 d5 2. d4 Nf6 3. c4 c6 4. Nc3 a6 5. cxd5 cxd5 6. Bf4 Nc6 7. Rc1 e6 8. e3
Be7 9. h3 O-O 10. Bd3 Bd6 11. Bxd6 Qxd6 12. a3 Bd7 13. O-O Rac8 14. Qe2 b5 15.
e4 dxe4 16. Nxe4 Nxe4 17. Qxe4 f5 18. Qe3 Rcd8 19. Bb1 Be8 20. Ba2 Bf7 21. Rfd1
Rfe8 22. Qc3 Ne7 23. Ne5 Rc8 24. Qe3 Rxc1 25. Rxc1 Rd8 26. Bb3 h6 27. Re1 Nd5
28. Bxd5 Qxd5 29. Rc1 Be8 30. Rc7 Qxd4 31. Qxd4 Rxd4 32. Re7 Kf8 33. Rxe6 Rd1+
34. Kh2 Rd2 35. b4 Rxf2 36. Rxa6 Re2 37. Nf3 Re4 1/2-1/2

[Event "XIII Konik Morski Rewala - Open A"]
[Site "Rewal"]
[Date "2008.08.28"]
[Round "8"]
[White "Smirnov, Aleksander"]
[Black "Sievers, Stefan"]
[Result "1/2-1/2"]
[WhiteElo "2262"]
[BlackElo "2363"]
[PlyCount "56"]
[EventDate "2008.??.??"]

1. e4 c5 2. Nf3 g6 3. d4 cxd4 4. Nxd4 Nf6 5. Nc3 d6 6. Bc4 Bg7 7. Bb3 O-O 8. f3
Nc6 9. Be3 Bd7 10. Nde2 Ne5 11. Nf4 b5 12. Qe2 a6 13. Ncd5 Nxd5 14. Nxd5 Rb8
15. Qf2 Bc6 16. Bb6 Qd7 17. O-O Qb7 18. Bd4 e6 19. Nf4 Rfd8 20. Rad1 a5 21. a3
Bf8 22. Qg3 Bg7 23. h4 Nc4 24. Bxg7 Kxg7 25. Qg5 h6 26. Nh5+ Kh7 27. Nf6+ Kg7
28. Nh5+ Kh7 1/2-1/2

[Event "XIII Konik Morski Rewala - Open A"]
[Site "Rewal"]
[Date "2008.08.28"]
[Round "8"]
[White "Nguyen, Piotr"]
[Black "Dragun, Kamil"]
[Result "0-1"]
[WhiteElo "2329"]
[BlackElo "2240"]
[PlyCount "130"]
[EventDate "2008.??.??"]

1. e4 c5 2. Nf3 d6 3. d4 cxd4 4. Qxd4 a6 5. Be3 Nc6 6. Qb6 Qxb6 7. Bxb6 Nf6 8.
Nc3 Be6 9. Ng5 Nd7 10. Nxe6 fxe6 11. Be3 g6 12. O-O-O Bg7 13. Ne2 Nde5 14. Nf4
Kd7 15. g3 Bh6 16. Bh3 Bxf4 17. Bxf4 Nf7 18. Be3 h5 19. f4 Rag8 20. Rdg1 g5 21.
Bf1 gxf4 22. gxf4 Nh6 23. h3 Rxg1 24. Rxg1 Rg8 25. Rg5 h4 26. Rh5 Rg3 27. Kd2
Ng8 28. Rxh4 Nf6 29. Bd3 d5 30. e5 Ne4+ 31. Ke2 Nb4 32. a3 Nc6 33. Bf2 Rg2 34.
Bxe4 dxe4 35. Kf1 Rg8 36. Rg4 Rc8 37. c3 Na5 38. Rg7 Nc4 39. Bh4 Ne3+ 40. Ke2
Nf5 41. Rh7 b5 42. Rh5 Rg8 43. Kf2 e3+ 44. Kf1 a5 45. Be1 Rc8 46. Rg5 Kc6 47.
h4 Kd5 48. Ke2 Ke4 49. Rg6 Kxf4 50. Rxe6 Rg8 51. a4 bxa4 52. Rc6 Rg2+ 53. Kd3
Rxb2 54. h5 a3 55. h6 a2 56. Rc4+ Kf3 57. Ra4 Nxh6 58. c4 e2 59. Bxa5 Ng4 60.
Kd4 Kf2 61. c5 Ne3 62. c6 Nc2+ 63. Kd3 a1=Q 64. Rxa1 Nxa1 65. c7 Rc2 0-1

[Event "XIII Konik Morski Rewala - Open A"]
[Site "Rewal"]
[Date "2008.08.28"]
[Round "8"]
[White "Krajewicz, Pawel"]
[Black "Wieczorek, Zbigniew"]
[Result "0-1"]
[WhiteElo "1993"]
[BlackElo "2317"]
[PlyCount "68"]
[EventDate "2008.??.??"]

1. d4 d6 2. Nf3 g6 3. g3 Bg7 4. Bg2 Nf6 5. O-O O-O 6. c4 Nbd7 7. Nc3 e5 8. h3
exd4 9. Nxd4 Nb6 10. b3 c5 11. Ndb5 Ne8 12. Bb2 a6 13. Na3 Nc7 14. Qd2 Qe7 15.
Rad1 Ne8 16. Nc2 Be6 17. Ne3 Qd7 18. Kh2 Rd8 19. Ne4 Bxb2 20. Qxb2 Qe7 21. f4
d5 22. Ng5 Bxh3 23. Bxd5 Nxd5 24. Nxd5 Rxd5 25. cxd5 Bxf1 26. Rxf1 Nf6 27. Rf3
h6 28. Nh3 Re8 29. Ng1 Nxd5 30. Rd3 Nf6 31. Qd2 b5 32. f5 g5 33. Rd6 Ne4 34. f6
Qxd6 0-1

[Event "XIII Konik Morski Rewala - Open A"]
[Site "Rewal"]
[Date "2008.08.28"]
[Round "8"]
[White "Zierke, Oliver"]
[Black "Verdaguer Muntanya, Marc"]
[Result "1-0"]
[WhiteElo "2327"]
[BlackElo "2142"]
[PlyCount "61"]
[EventDate "2008.??.??"]

1. d4 d5 2. c4 e6 3. Nc3 c6 4. Nf3 dxc4 5. a4 Bb4 6. e3 b5 7. Bd2 a5 8. axb5
Bxc3 9. Bxc3 cxb5 10. b3 Bb7 11. bxc4 b4 12. Bb2 Nf6 13. Bd3 O-O 14. O-O Nbd7
15. Re1 Re8 16. c5 Qc7 17. e4 e5 18. Rc1 exd4 19. c6 Bxc6 20. Nxd4 Nb8 21. Bb5
Rd8 22. Bxc6 Nxc6 23. Rxc6 Qxc6 24. Nxc6 Rxd1 25. Rxd1 Nxe4 26. Nxa5 h5 27. Nb3
Ra2 28. Bd4 Nc3 29. Bxc3 bxc3 30. Rc1 Rb2 31. Rxc3 1-0

[Event "XIII Konik Morski Rewala - Open A"]
[Site "Rewal"]
[Date "2008.08.28"]
[Round "8"]
[White "Ni, Viktorija"]
[Black "Mazurkiewicz, Michal"]
[Result "0-1"]
[WhiteElo "2129"]
[BlackElo "2239"]
[PlyCount "80"]
[EventDate "2008.??.??"]

1. d4 d6 2. Nf3 c6 3. c4 Nf6 4. Nc3 g6 5. e4 Bg7 6. h3 O-O 7. Bd3 Qc7 8. O-O e5
9. d5 Nh5 10. Rb1 Nf4 11. b4 f5 12. Bxf4 exf4 13. Qc2 fxe4 14. Bxe4 Bf5 15.
Bxf5 Rxf5 16. dxc6 Qxc6 17. Qd3 Nd7 18. Nd5 Re8 19. Rfd1 Ne5 20. Nxe5 Rexe5 21.
Re1 Qe8 22. Rxe5 Rxe5 23. Rf1 Re4 24. Qb3 Qe6 25. b5 g5 26. Rd1 Bd4 27. Qb1 Re2
28. Rf1 Bxf2+ 29. Kh1 f3 30. Nc3 fxg2+ 31. Kxg2 Bd4+ 32. Nxe2 Qxe2+ 33. Kh1 Be5
34. Rf8+ Kxf8 35. Qf5+ Ke7 36. Qxg5+ Bf6 37. Qf5 Qxc4 38. Qxh7+ Kd8 39. Qf5 Be5
40. Qf2 Qe4+ 0-1

[Event "XIII Konik Morski Rewala - Open A"]
[Site "Rewal"]
[Date "2008.08.28"]
[Round "8"]
[White "Janczarski, Michal"]
[Black "Zadlo, Tomasz"]
[Result "0-1"]
[WhiteElo "2238"]
[BlackElo "2041"]
[PlyCount "90"]
[EventDate "2008.??.??"]

1. c4 c5 2. g3 g6 3. Bg2 Bg7 4. Nc3 Nc6 5. e3 e5 6. Nge2 Nge7 7. a3 d6 8. Rb1
a5 9. O-O O-O 10. d3 Rb8 11. b3 Be6 12. Qc2 Qd7 13. Rd1 Bh3 14. Bh1 f5 15. Nb5
Rbc8 16. f4 Bg4 17. Re1 b6 18. Bb2 Bxe2 19. Rxe2 Na7 20. Nxa7 Qxa7 21. b4 axb4
22. axb4 Nc6 23. Ra1 Qc7 24. b5 Nb4 25. Qd2 exf4 26. exf4 Bxb2 27. Qxb2 Rce8
28. Rae1 Qf7 29. Qd2 Kg7 30. h4 h5 31. Qc3+ Kh6 32. d4 Rxe2 33. Rxe2 Qf6 34.
Qe3 cxd4 35. Qb3 d3 36. Rf2 Qa1+ 37. Rf1 Qd4+ 38. Kh2 Nc2 39. Kh3 Ne3 40. Rb1
Ng4 41. Qb2 Qe3 42. Rf1 d2 43. Bf3 Nf2+ 44. Kg2 Nd3 45. Qa1 Ne1+ 0-1

[Event "XIII Konik Morski Rewala - Open A"]
[Site "Rewal"]
[Date "2008.08.28"]
[Round "8"]
[White "Sochacki, Christophe"]
[Black "Siwiec, Arkadiusz"]
[Result "1-0"]
[WhiteElo "2221"]
[BlackElo "2096"]
[PlyCount "81"]
[EventDate "2008.??.??"]

1. d4 Nf6 2. c4 c5 3. d5 b5 4. cxb5 a6 5. bxa6 g6 6. Nc3 Bxa6 7. g3 d6 8. Bg2
Bg7 9. Nf3 O-O 10. O-O Nbd7 11. Rb1 Qa5 12. Qc2 Rfb8 13. Bd2 Nb6 14. a4 Nc4 15.
Rfc1 Qb6 16. Bg5 Qb3 17. Nb5 Qxc2 18. Rxc2 Nb6 19. Nc3 Nfxd5 20. Ne1 e6 21.
Nxd5 Nxd5 22. Rd2 Bc4 23. Rc1 Rxa4 24. e4 Nc7 25. Rxd6 Bxb2 26. Rcd1 Be5 27.
Rc6 Na6 28. Nf3 Bc7 29. Bf1 Bxf1 30. Kxf1 Kg7 31. e5 Rb6 32. Bf6+ Kh6 33. Rxb6
Bxb6 34. Rd7 Kh5 35. h3 g5 36. Rxf7 c4 37. g4+ Kh6 38. Bxg5+ Kg6 39. Rf6+ Kg7
40. Bh6+ Kg8 41. Rf8# 1-0

[Event "XIII Konik Morski Rewala - Open A"]
[Site "Rewal"]
[Date "2008.08.28"]
[Round "8"]
[White "Kucypera, Malgorzata"]
[Black "Palosz, Andrzej"]
[Result "1-0"]
[WhiteElo "2081"]
[BlackElo "2148"]
[PlyCount "61"]
[EventDate "2008.??.??"]

1. e4 c5 2. Nf3 Nc6 3. d4 cxd4 4. Nxd4 g6 5. c4 Bg7 6. Be3 Nf6 7. Nc3 Ng4 8.
Qxg4 Nxd4 9. Qd1 Ne6 10. Be2 Bxc3+ 11. bxc3 Qa5 12. Qd2 b6 13. Rb1 Ba6 14. O-O
Rc8 15. Rb4 Bb7 16. Bd3 Bc6 17. f4 Nc5 18. f5 Rg8 19. f6 Nxd3 20. Qxd3 Qe5 21.
Bd4 Qxe4 22. Qxe4 Bxe4 23. Re1 d5 24. cxd5 Bxd5 25. Rxe7+ Kf8 26. Rxa7 g5 27.
Rxb6 Rg6 28. Rd6 Be6 29. Bc5 Kg8 30. Rxe6 h6 31. Rd6 1-0

[Event "XIII Konik Morski Rewala - Open A"]
[Site "Rewal"]
[Date "2008.08.28"]
[Round "8"]
[White "Klim, Kamil"]
[Black "Szromba, Krzysztof"]
[Result "1-0"]
[WhiteElo "2181"]
[BlackElo "2186"]
[PlyCount "37"]
[EventDate "2008.??.??"]

1. d4 f5 2. Nf3 Nf6 3. g3 g6 4. Bg2 Bg7 5. O-O O-O 6. c4 d6 7. Nc3 Qe8 8. d5 a5
9. e4 Nxe4 10. Nxe4 fxe4 11. Ng5 e3 12. Bxe3 Bxb2 13. Rb1 Bf6 14. Ne6 Bxe6 15.
dxe6 c5 16. Bh6 Bg7 17. Bxg7 Kxg7 18. Rxb7 Rf6 19. Qxd6 1-0

[Event "XIII Konik Morski Rewala - Open A"]
[Site "Rewal"]
[Date "2008.08.28"]
[Round "8"]
[White "Jagodzinski, Waldemar"]
[Black "Szymanowska, Lena"]
[Result "1-0"]
[WhiteElo "2141"]
[BlackElo "1932"]
[PlyCount "87"]
[EventDate "2008.??.??"]

1. d4 d5 2. Nf3 Nf6 3. c4 dxc4 4. Nc3 a6 5. a4 Nc6 6. e4 Na5 7. Be3 Bg4 8. Be2
e6 9. h3 Bxf3 10. Bxf3 Bb4 11. O-O c6 12. Qc2 O-O 13. Rad1 Qc7 14. g4 Rad8 15.
g5 Nd7 16. Bg2 e5 17. d5 Nc5 18. Na2 Nd3 19. Nxb4 Nxb4 20. Qc3 Nd3 21. b4 Nb3
22. Qxc4 Nb2 23. Qxb3 Nxd1 24. Rxd1 Rd6 25. Bc5 Rg6 26. Bxf8 Kxf8 27. h4 h6 28.
Qe3 Qd7 29. Bh3 Qd8 30. Rd2 hxg5 31. dxc6 gxh4+ 32. Kh2 Qc7 33. cxb7 Qxb7 34.
Rd8+ Ke7 35. Rd7+ Qxd7 36. Bxd7 Kxd7 37. Qa7+ Ke8 38. Qb8+ Kd7 39. Qxe5 Kd8 40.
Qd5+ Ke7 41. b5 axb5 42. axb5 Rf6 43. Qc5+ Kd7 44. b6 1-0

[Event "XIII Konik Morski Rewala - Open A"]
[Site "Rewal"]
[Date "2008.08.28"]
[Round "8"]
[White "Korosciel, Aneta"]
[Black "Witek, Tomasz"]
[Result "1/2-1/2"]
[WhiteElo "2067"]
[BlackElo "2125"]
[PlyCount "90"]
[EventDate "2008.??.??"]

1. e4 e6 2. d4 d5 3. exd5 exd5 4. Nf3 Bg4 5. h3 Bh5 6. Qe2+ Qe7 7. Be3 Nc6 8.
Nc3 O-O-O 9. g4 Bg6 10. O-O-O f6 11. Bg2 Qb4 12. a3 Qa5 13. Qb5 Qxb5 14. Nxb5
a6 15. Nc3 Nge7 16. Rhe1 Bf7 17. Ne2 Ng6 18. Ng3 Na5 19. Nd2 Nh4 20. Bh1 g5 21.
f4 Bd6 22. Ne2 Rde8 23. Bf2 h5 24. f5 hxg4 25. hxg4 b5 26. Nc3 c6 27. Rxe8+
Rxe8 28. Re1 Rh8 29. Ne2 Kd7 30. Bg3 Re8 31. Bxd6 Kxd6 32. Kd1 Re3 33. Nf1 Rh3
34. Neg3 Nc4 35. Kc1 Nb6 36. Re3 Kd7 37. b3 Nc8 38. Kd2 Ne7 39. Re2 Ng8 40. Rh2
Rxh2+ 41. Nxh2 Nh6 42. Ne2 Kd6 43. b4 Be8 44. Nc1 Bd7 45. Nd3 Bc8 1/2-1/2

[Event "XIII Konik Morski Rewala - Open A"]
[Site "Rewal"]
[Date "2008.08.28"]
[Round "8"]
[White "Czachor, Grzegorz"]
[Black "Malczyk, Radoslaw"]
[Result "0-1"]
[WhiteElo "2020"]
[BlackElo "2094"]
[PlyCount "104"]
[EventDate "2008.??.??"]

1. h4 e5 2. g3 Bc5 3. Bg2 d5 4. e3 Nc6 5. Ne2 Bg4 6. f3 Be6 7. d4 exd4 8. exd4
Bb6 9. Be3 Nge7 10. c3 Nf5 11. Bf4 Qe7 12. a4 a5 13. Qd3 Nd6 14. Na3 Bf5 15.
Qd2 h5 16. O-O O-O 17. Rfe1 Rae8 18. Kh2 Qd7 19. b3 Ne7 20. Be3 c6 21. Nf4 Bg6
22. Nxg6 Nxg6 23. Bh3 Qd8 24. Bf2 Qf6 25. Qd3 Bc7 26. Kg1 Ne7 27. Re5 g6 28.
Rae1 Nef5 29. Kg2 Rd8 30. Nc2 b5 31. axb5 Nxb5 32. Bxf5 Bxe5 33. Rxe5 gxf5 34.
Rxf5 Qh6 35. Rg5+ Kh8 36. g4 hxg4 37. fxg4 Rg8 38. Qe3 Rxg5 39. hxg5 Qe6 40.
Qh3+ Kg8 41. Ne3 Nxc3 42. Nf5 Ne4 43. Be3 Nd6 44. g6 fxg6 45. Nxd6 Qxd6 46. Qh6
Rf8 47. Bd2 Qe6 48. Kg3 Rf1 49. Qg5 Qe4 50. Qd8+ Rf8 51. Qxa5 Rf3+ 52. Kh4 Qe7+
0-1

[Event "XIII Konik Morski Rewala - Open A"]
[Site "Rewal"]
[Date "2008.08.28"]
[Round "8"]
[White "Demidowicz, Maria"]
[Black "Nicolo, Filippo"]
[Result "1-0"]
[WhiteElo "2032"]
[BlackElo "2125"]
[PlyCount "61"]
[EventDate "2008.??.??"]

1. e4 e6 2. d4 d5 3. Nc3 Nc6 4. e5 f6 5. f4 Qe7 6. Nf3 Qf7 7. a3 Bd7 8. Bd3 Nh6
9. O-O O-O-O 10. b4 Qh5 11. b5 Ne7 12. a4 Nef5 13. Qe1 Be7 14. b6 cxb6 15. a5
b5 16. Nxb5 Kb8 17. Ba3 Qe8 18. Qb1 Bc6 19. Re1 Qd7 20. Qb3 Rc8 21. Rab1 Bxa3
22. Qxa3 Rhe8 23. g4 Nxg4 24. Bxf5 exf5 25. Nd6 fxe5 26. dxe5 Re6 27. Nd4 Rg6
28. e6 Qc7 29. Nxc8 Qxf4 30. Qd6+ Qxd6 31. Nxd6 1-0